000 00469 a2200169 4500
005 20260410122247.0
008 260410b |||||||| |||| 00| 0 eng d
020 _a9781784780562
040 _cSDCL
041 _2eng
_aeng
084 _aV1:19(zE)'P R5
100 _aStephanson, Anders
_91234656
245 _aAmerican Imperatives :
_bThe Cold War and Other Matters
260 _aLondon :
_bPenguin Random House,
_c2025.
300 _avi, 377p.
942 _cAUD
_2CC
999 _c1715011
_d1715011